Quizzes
Events
Quiz Creation
Community
Videos
Private Events
Remove Ads
Sign In
Join for FREE
Feedback
Dark Mode
Quiz Categories
Sports
Geography
Music
Movies
Television
Just For Fun
Miscellaneous
History
Literature
Language
Science
Gaming
Entertainment
Religion
Holiday
For Kids
Quiz Lab
Recent
Popular Today
Quiz Kudos Today
Editor Picks
Curator Picks
Quizzes by...
Day
Popularity
Type
Ratings
Length
Year
Community
Subscriptions
Recent Discussions
Orange Saloon
Badges
Playlists
Quests
Create
Leaderboards
Showdown
Live 5
Trivia Bingo
Activity
Puzzle Library
Sporcle Events
Private Events
Virtual Trivia
Globe League
Become a Host
Pub Owners
SporcleCon
Opinionation
Our Games
Videos
Blog
Mobile Apps
Partnerships
Remove Ads and Go Orange
Feedback
Geography
Country
Landmarks
City
State
Population
World
Capital
Continent
Flags
Europe
Africa
Asia
South America
North America
Oceania
Border
Canada
United Kingdom
Topography
United States
Geography
Country
Landmarks
City
State
Population
World
Capital
Continent
Flags
Europe
Africa
Asia
South America
North America
Oceania
Border
Canada
United Kingdom
Topography
United States
Random Quiz
Search Sporcle
×
Quiz Lab
Quiz Lab
Geography
Capital
Type in answers that appear in a list
Type in answers that appear in a list
Classic
Best Score? Go Orange.
Upper secondary schools in the Capital Region Stats
Can you name the upper secondary schools (lukiot) in the Capital Region of Helsinki (pääkaupunkiseutu)?
By
JaakkoV
8m
34 Questions
38 Plays
38 Plays
38 Plays
Comments
Comments
Give Quiz Kudos
Give Quiz Kudos
-
- Ratings
hide this ad
More Info
Random Order
Randomize order of answers
Randomize order of answers
Replay
Link that replays current quiz
Next Quiz
Link to next quiz in quiz playlist
You Got
0%
They Got
Avg Score
26%
Avg Friend Score
Upgrade to see
Score Distribution
Jump to the score distribution portion of the page
Score
0/34
Timer
08:00
0
Plays Today
School
% Correct
Ressun lukio
89.5%
Kallion lukio
65.8%
Alppilan lukio
47.4%
Tikkurilan lukio
44.7%
Mäkelänrinteen lukio
42.1%
Vuosaaren lukio
39.5%
Lumon lukio
36.8%
Helsingin medialukio
34.2%
Sotungin lukio
31.6%
Etu-Töölön lukio
31.6%
Sibelius-lukio
31.6%
Tapiolan lukio
31.6%
Helsingin kielilukio
28.9%
Etelä-Tapiolan lukio
28.9%
Helsingin luonnontiedelukio
26.3%
Espoonlahden lukio
26.3%
Pohjois-Tapiolan lukio
26.3%
School
% Correct
Martinlaakson lukio
23.7%
Vaskivuoren lukio
23.7%
Brändö gymnasium
23.7%
Haukilahden lukio
18.4%
Kaitaan lukio
18.4%
Leppävaaran lukio
18.4%
Kauniaisten lukio
18.4%
Helsingin kuvataidelukio
15.8%
Olarin lukio
15.8%
Gymnasiet Lärkan
13.2%
Kuninkaantien lukio
13.2%
Tölö gymnasium
10.5%
Viherlaakson lukio
10.5%
Helsinge gymnasium
7.9%
Espoon yhteislyseon lukio
7.9%
Mattlidens gymnasium
2.6%
Gymnasiet Grankulla samskola
2.6%
Quiz Playlist
Details
Report
Send in Message
Add To Playlist
More Info:
The Capital Region includes Helsinki, Vantaa, Espoo, and Kauniainen. Adult schools, private schools, and state schools are not included in this quiz.
Classic:
Type in answers that appear in a list
Random Order:
Randomize order of answers
Last Updated: May 29, 2017
Quiz Scoreboard
CHALLENGE
Sign Up to Join the Scoreboard
Show All
Scores
Hide
Comments
May contain spoilers
Recently Published
Billboard Blitz: Fleetwood Mac
by CooCooCachoo
Music
15s
Presidents Visiting Landmarks
by Hejman
History
7m
An Introduction to Baseball
by treessimontrees
Sports
5m
More to Explore
Quiz From the Vault
Featured Blog Post
Where Did the Easter Bunny Come From?
hide this ad
You Might Also Like...
Tags
Capital Quiz
helsinki
region
school
Secondary
Upper
Today's Top Quizzes in Geography
Browse Geography
hide this ad
Today's Top Quizzes in Capital
Browse Capital
Top Contributed Quizzes in Geography
1
Countries of the World - No Outlines Minefield
2
Top 25 Cities of France on a map
3
Any capital of a 'B' country per Continent
4
Any capital of a 'C' country per Continent
5
Closest Countries to UK A-Z
6
Any capital of a 'D' country per Continent
7
5-to-1: US Geography No Hints
8
One Thing in Common: United Kingdom
9
Any capital of an 'E' country per Continent
10
Any capital of an 'F' country per Continent
Explore More
Trending Topics
Kpop
Marvel
Disney
Harry Potter
Crossword
Anime
NBA
Pokémon
Puzzle
The Office
Song
NFL
Soccer
Country
WWE
hide this ad
More By:
JaakkoV
Quiz
Plays
Rating
Category
Featured
Created
Finnish Historical Persons
224
4.00
History
Jul 21, 2013
Foreign languages in Finland
92
Geography
Jun 22, 2017
Middle Names of the Presidents of Finland
85
3.00
History
Jul 20, 2013
Greatest people of six countries
73
5.00
History
Jun 1, 2017
Nicknames of Historical Figures
56
History
May 5, 2019
Go to Creator's Profile
Score Distribution
Quiz Creator Spotlight
JaakkoV
Follow
Send a Message
Quizzes Created
-
Created Quiz Play Count
-
More By This Creator
Popular Quizzes Today
1
Find the US States - No Outlines Minefield
2
Find the Countries of Europe - No Outlines Minefield
3
The Countries of the World
4
Find the US States
5
US States
6
Popular People in 1961
7
Risky Map Clicking: Biggest States A-Z
8
Movies - When Are They Set?
More Geography Quizzes
Largest African Country Minefield
Published
Trending Quizzes
Risky Map Clicking: Least Populous States A-Z
1-10 Letter G Words
1-10 Letter F Words
Risky Map Clicking: Next State Alphabetically
Risky Map Clicking: Biggest States A-Z
Recently Updated
Leaping Animals
pecheneg
Reality TV Shows (A-Z)
bhenderson79
Rickey Henderson's Hall of Fame Teammates
pecheneg
Champions League XIs: Arsenal
pecheneg
Quick Pick: Celebrities in WWE's Hall of Fame
aduchscher
A-Z Keypad Blitz II
pecheneg
Multiple Oscar Actors
pecheneg
Mystery Phrase Blitz: Oscar 'Best Actors'
pecheneg
F. Scott Fitzgerald Novels
LTH
Pick 3 Villains
ddd62291
Trending Topics
Crossword
Harry Potter
Disney
Marvel
Anime
NBA
Kpop
WWE
Soccer
Puzzle
Song
Pokémon
NFL
Country
The Office
Your Account Isn't Verified!
In order to create a playlist on Sporcle, you need to verify the email address you used during registration. Go to your
Sporcle Settings
to finish the process.
Report this User
Report this user for behavior that violates our
Community Guidelines
.
Details:
Send Report
Go to the Sporcle.com Mobile Site →
Comments